000 00667nam a2200265Ia 4500
005 20260121161405.0
008 008 260114s9999 xx 000 0 eng d
020 _a9781351236904
037 _aEBOOK
040 _aCRL
040 _beng
040 _cCRL
041 _2eng
041 _aeng
084 _qCRL
100 _aReading Acquisition
_91044012
245 0 _aPhilip B. Gough; Linnea C. Ehri; Rebecca Treiman
260 _bTaylor and Francis
260 _c1992
650 _aEducational Psychology
_91044013
856 _uhttp://www.taylorfrancis.com/books/9781351236904
942 _cEBOOK
999 _c1610412
_d1610412